Surovinové zdroje průmyslu /

Uložené v:
Podrobná bibliografia
Hlavní autori: Kašpar, Jan (Author), Přistoupil, Vladislav, 1899-1970 (Author)
Médium: Kniha
Jazyk:Czech
Vydané: Praha : Státní nakladatelství technické literatury, 1970.
ISBN: (viaz.)
Fyzický popis: 382 s. : tb.
Tagy: Pridať tag
Žiadne tagy, Buďte prvý kto otaguje tento záznam!

MARC

LEADER 00000nam a2200000 a 4500
001 000210607
005 20100811170903.0
008 990917s1970 xr e cze d
020 |a (viaz.)  |c Kčs 54,00 
040 |a SVKKK  |b slo  |c SVKKK  |e AACR2 
041 0 |a cze 
044 |a xr  |c CZ 
100 1 |a Kašpar, Jan  |4 aut 
245 1 0 |a Surovinové zdroje průmyslu /  |c Jan Kašpar, Vladislav Přistoupil. 
260 |a Praha :  |b Státní nakladatelství technické literatury,  |c 1970. 
300 |a 382 s. :  |b tb. 
700 1 |a Přistoupil, Vladislav,  |d 1899-1970  |4 aut 
910 |a svkkk 
998 |a BK 
090 |g SCKHL  |k Sklad Pribinova 1. posch.  |a IV.66336  |j 438554  |i 210607-10  |s Absenčne